[Event "Rovno"]
[Site "Rovno"]
[Date "2000.??.??"]
[Round "12"]
[White "Savon, Vladimir A"]
[Black "Koziak, Vitali"]
[Result "1-0"]
[WhiteElo "2423"]
[BlackElo "2460"]
[PlyCount "131"]
[EventDate "2000.01.20"]
[EventType "tourn"]
[EventRounds "15"]
[EventCountry "UKR"]
[EventCategory "8"]
[SourceTitle "CBM 076"]
[Source "ChessBase"]
[SourceDate "2000.05.31"]
[SourceVersion "1"]
[SourceVersionDate "2000.05.31"]
[SourceQuality "1"]

1. d4 f5 2. Nf3 Nf6 3. g3 g6 4. Bg2 Bg7 5. c4 O-O 6. O-O e6 7. Nc3 Qe7 8. Bg5
Nc6 9. d5 Nd8 10. e4 Nf7 11. exf5 gxf5 12. Bd2 e5 13. Nh4 d6 14. Bh3 f4 15.
Bxc8 Raxc8 16. gxf4 Qd7 17. f5 c6 18. Qe2 b5 19. dxc6 Qxc6 20. cxb5 Qb7 21.
Rac1 d5 22. Na4 Ne4 23. Bb4 Rfe8 24. f3 Neg5 25. Nc5 Qb6 26. Kh1 Qh6 27. Ng2 e4
28. fxe4 dxe4 29. Ne3 Qh3 30. Ne6 Nxe6 31. fxe6 Qxe6 32. Ng2 Ng5 33. Rxc8 Qxc8
34. Ne3 Nf3 35. Bc3 Bxc3 36. Rc1 Qe6 37. bxc3 Rd8 38. Rd1 Rxd1+ 39. Nxd1 Qe5
40. c4 Qa1 41. Kg2 Nd4 42. Qg4+ Kf7 43. Ne3 Qb2+ 44. Kh3 Nf3 45. Qf4+ Kg8 46.
a4 h5 47. Qb8+ Kh7 48. Qxa7+ Kg6 49. Qb6+ Kg5 50. Qd8+ Kf4 51. Nd5+ Kf5 52.
Qd7+ Kg6 53. Qe6+ Kg5 54. Qe7+ Kh6 55. Qd6+ Kg7 56. Qg3+ Kh6 57. Qf4+ Ng5+ 58.
Kh4 Qg2 59. Qf6+ Kh7 60. Qg6+ Kxg6 61. Nf4+ Kf5 62. Nxg2 Nf3+ 63. Kxh5 Nxh2 64.
a5 Ng4 65. a6 Nf6+ 66. Kh4 1-0

[Event "Rovno"]
[Site "Rovno"]
[Date "2000.??.??"]
[Round "14"]
[White "Savon, Vladimir A"]
[Black "Varitski, Igor"]
[Result "1-0"]
[WhiteElo "2423"]
[BlackElo "2359"]
[PlyCount "85"]
[EventDate "2000.01.20"]
[EventType "tourn"]
[EventRounds "15"]
[EventCountry "UKR"]
[EventCategory "8"]
[SourceTitle "CBM 076"]
[Source "ChessBase"]
[SourceDate "2000.05.31"]
[SourceVersion "1"]
[SourceVersionDate "2000.05.31"]
[SourceQuality "1"]

1. d4 f5 2. g3 Nf6 3. Bg2 d5 4. Nh3 e6 5. c4 c6 6. Qc2 Bd6 7. O-O O-O 8. Bf4
Be7 9. Nd2 h6 10. Bxb8 Rxb8 11. Nf4 Bd6 12. e3 g5 13. Nd3 b6 14. b4 Qe7 15.
Rab1 Bb7 16. c5 bxc5 17. Nxc5 Bxc5 18. bxc5 Ba6 19. Rxb8 Rxb8 20. Rb1 Qc7 21.
Nf3 Rxb1+ 22. Qxb1 Qb7 23. Qxb7 Bxb7 24. Ne5 Kf8 25. Bf1 Ke7 26. f3 Nd7 27. Kf2
Nxe5 28. dxe5 Kf7 29. Bd3 Kg7 30. Kg2 Bc8 31. Kh3 h5 32. Kg2 g4 33. h4 gxf3+
34. Kxf3 Kg6 35. Ke2 Kh6 36. Kd2 Kg6 37. Kc3 Kh6 38. Kb4 Kg6 39. Ka5 Kh6 40.
Ba6 Bd7 41. a3 Kg7 42. Be2 Bc8 43. Bxh5 1-0

[Event "Kharkov Rector Cup 2nd"]
[Site "Kharkov"]
[Date "2000.10.03"]
[Round "3"]
[White "Savon, Vladimir A"]
[Black "Nikitin, Andrey"]
[Result "1-0"]
[WhiteElo "2429"]
[BlackElo "2431"]
[PlyCount "77"]
[EventDate "2000.10.01"]
[EventType "tourn"]
[EventRounds "11"]
[EventCountry "UKR"]
[EventCategory "8"]
[SourceTitle "EXT 2001"]
[Source "ChessBase"]
[SourceDate "2000.11.22"]
[SourceVersion "1"]
[SourceVersionDate "2000.11.22"]
[SourceQuality "1"]

1. d4 d5 2. Nf3 Nf6 3. c4 e6 4. Qc2 Be7 5. Bg5 O-O 6. e3 h6 7. Bh4 b6 8. cxd5
exd5 9. Bd3 c5 10. dxc5 bxc5 11. O-O Nc6 12. a3 Bg4 13. Nbd2 Qb6 14. Rab1 Rac8
15. Rfc1 c4 16. Bf5 Bxf5 17. Qxf5 g6 18. Qc2 Na5 19. Nd4 Nb7 20. b4 Rfe8 21.
Rd1 Bf8 22. Ne2 Bg7 23. Nc3 g5 24. Bg3 h5 25. Nf3 h4 26. Be5 g4 27. Bd4 Qd8 28.
Nxh4 Nd6 29. Nf5 Nde4 30. Nxd5 Nxd5 31. Nxg7 Re7 32. Rbc1 Qd7 33. Nh5 f5 34. f3
Nd6 35. Bc5 Qe6 36. Rxd5 Rxc5 37. bxc5 Qxe3+ 38. Kf1 gxf3 39. cxd6 1-0

[Event "Kharkov Rector Cup 2nd"]
[Site "Kharkov"]
[Date "2000.10.09"]
[Round "9"]
[White "Savon, Vladimir A"]
[Black "Bets, Anatolij"]
[Result "1-0"]
[WhiteElo "2429"]
[BlackElo "2361"]
[PlyCount "103"]
[EventDate "2000.10.01"]
[EventType "tourn"]
[EventRounds "11"]
[EventCountry "UKR"]
[EventCategory "8"]
[SourceTitle "EXT 2001"]
[Source "ChessBase"]
[SourceDate "2000.11.22"]
[SourceVersion "1"]
[SourceVersionDate "2000.11.22"]
[SourceQuality "1"]

1. e4 c6 2. d4 d5 3. e5 c5 4. dxc5 Nc6 5. Bb5 e6 6. Be3 Nge7 7. c3 Bd7 8. Bxc6
Nxc6 9. f4 g5 10. fxg5 Nxe5 11. Nf3 Nxf3+ 12. Qxf3 Qc7 13. Nd2 Bxc5 14. Bxc5
Qxc5 15. O-O-O O-O-O 16. h4 Ba4 17. Rde1 d4 18. Rh3 Rd7 19. c4 d3 20. Qe3 Rd4
21. Qe5 Qxe5 22. Rxe5 Bc6 23. b4 b6 24. Kb2 Bxg2 25. Rg3 Bb7 26. h5 Rg8 27. Kc3
Rd6 28. Rxd3 Rxd3+ 29. Kxd3 Kd7 30. Ne4 Bxe4+ 31. Kxe4 h6 32. Kf4 hxg5+ 33.
Rxg5 Rh8 34. Kg4 f5+ 35. Kh4 Kd6 36. Rg7 f4 37. Kg4 Ke5 38. c5 bxc5 39. bxc5
Rf8 40. Kf3 Kd5 41. h6 Rf6 42. h7 Rh6 43. Kxf4 a5 44. Kg5 Rh2 45. Kg6 Kxc5 46.
Rg8 e5 47. h8=Q Rxh8 48. Rxh8 e4 49. Kf5 e3 50. Re8 Kd4 51. Kf4 Kc3 52. Rxe3+
1-0

[Event "RUS-Cup"]
[Site "Tula"]
[Date "2001.??.??"]
[Round "5"]
[White "Savon, Vladimir A"]
[Black "Markosian, David S"]
[Result "1-0"]
[WhiteElo "2448"]
[BlackElo "2362"]
[PlyCount "109"]
[EventDate "2001.??.??"]
[EventType "swiss"]
[EventRounds "9"]
[EventCountry "RUS"]
[SourceTitle "EXT 2002"]
[Source "ChessBase"]
[SourceDate "2001.11.25"]
[SourceVersion "1"]
[SourceVersionDate "2001.11.25"]
[SourceQuality "1"]

1. d4 Nf6 2. c4 g6 3. Nc3 Bg7 4. e4 d6 5. Nf3 O-O 6. Be2 e5 7. d5 Na6 8. O-O
Nc5 9. Bg5 a5 10. Nd2 h6 11. Bh4 g5 12. Bg3 Nh7 13. Nb3 b6 14. Nxc5 bxc5 15.
Bg4 f5 16. Bxf5 Bxf5 17. exf5 Rxf5 18. Qc2 Qd7 19. Ne4 Nf6 20. f3 Nxe4 21. fxe4
Rxf1+ 22. Rxf1 a4 23. Be1 a3 24. b3 c6 25. Qd3 Rb8 26. h4 gxh4 27. Bxh4 Re8 28.
dxc6 Qxc6 29. Bf2 Re6 30. Be3 Rg6 31. Bc1 Rg4 32. Re1 Qa6 33. Qd5+ Kh7 34. Qe6
Rg6 35. Qf5 Bf6 36. Re3 Qa5 37. Kh2 Bh4 38. Qd7+ Rg7 39. Qf5+ Rg6 40. Qd7+ Rg7
41. Qxd6 Bg5 42. Bd2 Bf4+ 43. g3 Qa7 44. gxf4 Rd7 45. Qxe5 Rxd2+ 46. Kh3 Qd7+
47. f5 Rxa2 48. Rg3 Qf7 49. f6 Qd7+ 50. Rg4 Rh2+ 51. Kxh2 Qxg4 52. Qe7+ Kh8 53.
f7 Qf4+ 54. Kh3 Qe3+ 55. Kg4 1-0

[Event "RUS-Cup"]
[Site "Tula"]
[Date "2001.??.??"]
[Round "8"]
[White "Malinin, Yuri"]
[Black "Savon, Vladimir A"]
[Result "0-1"]
[WhiteElo "2371"]
[BlackElo "2448"]
[PlyCount "52"]
[EventDate "2001.??.??"]
[EventType "swiss"]
[EventRounds "9"]
[EventCountry "RUS"]
[SourceTitle "EXT 2002"]
[Source "ChessBase"]
[SourceDate "2001.11.25"]
[SourceVersion "1"]
[SourceVersionDate "2001.11.25"]
[SourceQuality "1"]

1. Nf3 Nf6 2. c4 e6 3. Nc3 Bb4 4. Qc2 O-O 5. a3 Bxc3 6. Qxc3 b6 7. e3 Bb7 8. b4
d6 9. Bb2 Nbd7 10. d4 Ne4 11. Qb3 f5 12. Be2 Qe7 13. O-O Rf6 14. d5 e5 15. Rad1
Rh6 16. Qc2 Rf8 17. Bd3 Bc8 18. g3 Ndf6 19. Nh4 Ng4 20. Bxe4 fxe4 21. Qxe4 Rxh4
22. gxh4 Qxh4 23. Qg2 Rf3 24. Bc3 Bf5 25. Be1 e4 26. Rd4 Ne5 0-1

[Event "Tula1"]
[Site "Tula"]
[Date "2001.??.??"]
[Round "11"]
[White "Bairachny, Ruslan"]
[Black "Savon, Vladimir A"]
[Result "0-1"]
[WhiteElo "2426"]
[BlackElo "2448"]
[PlyCount "72"]
[EventDate "2001.??.??"]
[EventType "tourn"]
[EventRounds "11"]
[EventCountry "RUS"]
[EventCategory "8"]
[SourceTitle "EXT 2002"]
[Source "ChessBase"]
[SourceDate "2001.11.25"]
[SourceVersion "1"]
[SourceVersionDate "2001.11.25"]
[SourceQuality "1"]

1. e4 e5 2. Nf3 Nc6 3. Bb5 a6 4. Ba4 Nf6 5. O-O Be7 6. Re1 b5 7. Bb3 O-O 8. c3
d6 9. d4 Bg4 10. Be3 exd4 11. cxd4 Na5 12. Bc2 c5 13. dxc5 dxc5 14. Nbd2 Nc6
15. Qe2 Qc7 16. h3 Bh5 17. a4 c4 18. Rec1 Rfd8 19. Qe1 Bb4 20. axb5 axb5 21.
Rxa8 Rxa8 22. Ra1 Rd8 23. Qb1 h6 24. Ra6 Nd7 25. Ra1 Nc5 26. Kh1 Qd6 27. Kg1
Qe6 28. Qf1 Bg6 29. Bxc5 Bxc5 30. Bb1 Ne5 31. Kh1 Bb4 32. Qe2 Bh5 33. Qe3 Qf6
34. Ba2 Rd3 35. Qa7 Bxf3 36. Nxf3 Nxf3 0-1

[Event "UKR-chT 9th"]
[Site "Alushta"]
[Date "2001.04.??"]
[Round "4"]
[White "Savon, Vladimir A"]
[Black "Smirnov, Igor"]
[Result "1-0"]
[WhiteElo "2448"]
[BlackElo "2331"]
[PlyCount "93"]
[EventDate "2001.04.06"]
[EventType "team-tourn"]
[EventRounds "9"]
[EventCountry "UKR"]
[SourceTitle "EXT 2019"]
[Source "ChessBase"]
[SourceDate "2018.10.10"]
[SourceVersion "1"]
[SourceVersionDate "2018.10.10"]
[SourceQuality "1"]
[WhiteTeam "Kharkov Law Academy"]
[BlackTeam "Chaika Grandmasters' School"]
[WhiteTeamCountry "UKR"]
[BlackTeamCountry "UKR"]

1. d4 Nf6 2. c4 e6 3. Nc3 Bb4 4. e3 c5 5. Nf3 O-O 6. Bd3 d5 7. O-O Nc6 8. a3
Bxc3 9. bxc3 dxc4 10. Bxc4 Qc7 11. Bb2 e5 12. h3 e4 13. Nd2 Bf5 14. Ba2 Rad8
15. Qe2 Rfe8 16. Rac1 b6 17. Rfd1 Bg6 18. Qb5 Na5 19. Nc4 Nxc4 20. Bxc4 Bf5 21.
Be2 Nd7 22. a4 h6 23. Ba3 Bg6 24. Rb1 Rc8 25. a5 Re6 26. Qa4 bxa5 27. Rb5 cxd4
28. cxd4 Qc2 29. Qxc2 Rxc2 30. Bg4 f5 31. Rxf5 Bxf5 32. Bxf5 Rf6 33. Bxd7 Rfxf2
34. Be6+ Kh8 35. Bd6 Rxg2+ 36. Kh1 Rge2 37. Bf4 a4 38. d5 a3 39. d6 Red2 40.
Rg1 a2 41. Be5 a1=Q 42. Rxa1 Rc5 43. Bg3 a5 44. d7 a4 45. Be1 Rd3 46. Rxa4 Rc1
47. Rd4 1-0

[Event "Nikolaev"]
[Site "Nikolaev"]
[Date "2001.08.03"]
[Round "3"]
[White "Savon, Vladimir A"]
[Black "Alexikov, Alexander"]
[Result "1-0"]
[WhiteElo "2449"]
[BlackElo "2405"]
[PlyCount "116"]
[EventDate "2001.08.01"]
[EventType "tourn"]
[EventRounds "11"]
[EventCountry "UKR"]
[EventCategory "7"]
[SourceTitle "EXT 2002"]
[Source "ChessBase"]
[SourceDate "2001.11.25"]
[SourceVersion "1"]
[SourceVersionDate "2001.11.25"]
[SourceQuality "1"]

1. e4 c5 2. Nf3 d6 3. d4 cxd4 4. Nxd4 Nf6 5. f3 Nc6 6. c4 Nxd4 7. Qxd4 g6 8.
Nc3 Bg7 9. Be3 O-O 10. Qd2 Be6 11. Rc1 a6 12. Be2 Qa5 13. Nd5 Qxd2+ 14. Kxd2
Bxd5 15. cxd5 Rfc8 16. Rxc8+ Rxc8 17. Rc1 Rxc1 18. Kxc1 Kf8 19. Kc2 Ke8 20. g4
h5 21. g5 Nd7 22. b4 Kd8 23. a4 Kc7 24. f4 Ba1 25. a5 Bg7 26. Bf1 Bh8 27. Bh3
Kd8 28. Kd3 Bb2 29. Bf1 Kc7 30. Kc4 Kc8 31. Kb3 Ba1 32. Bc4 Kd8 33. Kc2 Bg7 34.
Kd3 Bb2 35. Bb3 Ke8 36. Ba4 Kd8 37. Ke2 Ba1 38. Kd3 Bb2 39. Kd2 Bg7 40. Kc2 Ba1
41. Kd3 Bb2 42. Kc4 Kc7 43. Bc2 Kc8 44. Bd3 Ba1 45. Bd4 Bxd4 46. Kxd4 f6 47. h4
Kd8 48. Bf1 Nf8 49. Bh3 Kc7 50. gxf6 exf6 51. e5 f5 52. Bf1 Nd7 53. Be2 Nf8 54.
b5 axb5 55. Bxb5 Nh7 56. Be8 Nf8 57. e6 Kd8 58. Bf7 Ke7 1-0

[Event "Nikolaev"]
[Site "Nikolaev"]
[Date "2001.08.09"]
[Round "9"]
[White "Savon, Vladimir A"]
[Black "Bondarchuk, Sergei"]
[Result "1-0"]
[WhiteElo "2449"]
[BlackElo "2354"]
[PlyCount "45"]
[EventDate "2001.08.01"]
[EventType "tourn"]
[EventRounds "11"]
[EventCountry "UKR"]
[EventCategory "7"]
[SourceTitle "EXT 2002"]
[Source "ChessBase"]
[SourceDate "2001.11.25"]
[SourceVersion "1"]
[SourceVersionDate "2001.11.25"]
[SourceQuality "1"]

1. g3 c5 2. Bg2 Nc6 3. d3 g6 4. f4 Bg7 5. Nf3 e6 6. e4 d6 7. O-O Nge7 8. Nc3
O-O 9. g4 f5 10. gxf5 exf5 11. Be3 Rb8 12. a4 b6 13. Qd2 Nb4 14. Bf2 fxe4 15.
dxe4 d5 16. Bh4 d4 17. Nb5 a6 18. Nbxd4 Re8 19. c3 cxd4 20. cxb4 Bg4 21. Qd3
Qd7 22. f5 Bxf3 23. Rxf3 1-0

[Event "Cherepovets"]
[Site "Cherepovets"]
[Date "2002.??.??"]
[Round "?"]
[White "Savon, Vladimir A"]
[Black "Bratchenko, Alexander"]
[Result "1-0"]
[WhiteElo "2421"]
[BlackElo "2384"]
[PlyCount "81"]
[EventDate "2002.02.??"]
[EventType "tourn"]
[EventRounds "14"]
[EventCountry "RUS"]
[EventCategory "6"]
[SourceTitle "EXT 2003"]
[Source "ChessBase"]
[SourceDate "2002.11.25"]
[SourceVersion "1"]
[SourceVersionDate "2002.11.25"]
[SourceQuality "1"]

1. c4 e5 2. Nc3 f5 3. g3 Nf6 4. Bg2 d6 5. d3 g6 6. e4 fxe4 7. Nxe4 Nxe4 8. Bxe4
Nd7 9. Be3 Nf6 10. Bg2 Bg7 11. Ne2 c6 12. Nc3 Be6 13. O-O Qd7 14. Qe2 O-O 15.
d4 Ng4 16. d5 Bf5 17. Bd2 Nf6 18. b4 Rac8 19. Rac1 Rfe8 20. Bg5 c5 21. a3 b6
22. Bxf6 Bxf6 23. Ne4 Be7 24. h4 Rf8 25. Kh2 Rf7 26. bxc5 bxc5 27. Rb1 Rcf8 28.
Rb5 Qd8 29. Kg1 h6 30. Rfb1 g5 31. hxg5 Bxg5 32. Rb8 Qa5 33. R1b5 Qc7 34. R5b7
Qxb7 35. Rxb7 Rxb7 36. Nxd6 Rb1+ 37. Kh2 Bg6 38. Be4 Bxe4 39. Nxe4 Ra1 40. d6
Rxa3 41. Qb2 1-0

[Event "Cherepovets"]
[Site "Cherepovets"]
[Date "2002.??.??"]
[Round "?"]
[White "Savon, Vladimir A"]
[Black "Sargsjan, Vardges"]
[Result "1-0"]
[WhiteElo "2421"]
[BlackElo "2337"]
[PlyCount "103"]
[EventDate "2002.02.??"]
[EventType "tourn"]
[EventRounds "14"]
[EventCountry "RUS"]
[EventCategory "6"]
[SourceTitle "EXT 2003"]
[Source "ChessBase"]
[SourceDate "2002.11.25"]
[SourceVersion "1"]
[SourceVersionDate "2002.11.25"]
[SourceQuality "1"]

1. d4 d5 2. Nf3 e6 3. c4 Nf6 4. e3 Be7 5. Nc3 O-O 6. Qc2 c5 7. dxc5 Bxc5 8. a3
a5 9. b3 Nc6 10. Bb2 Qe7 11. Nb5 b6 12. cxd5 exd5 13. Nbd4 Bd7 14. Nxc6 Bxc6
15. Nd4 Bd7 16. Bd3 Rac8 17. Qe2 Rfe8 18. O-O Ng4 19. h3 Ne5 20. Bb5 Bxb5 21.
Qxb5 Qh4 22. Rad1 Qe4 23. Qe2 Bxd4 24. Bxd4 Qg6 25. Rc1 Nd7 26. Qb5 Qe6 27. b4
axb4 28. axb4 Rc4 29. Rxc4 dxc4 30. Rc1 Rc8 31. Rd1 Qc6 32. Qxc6 Rxc6 33. Bc3
Rc7 34. Kf1 f6 35. Ra1 Kf7 36. Ke2 b5 37. Bd4 Nb8 38. Kd2 Nc6 39. Kc3 Nxd4 40.
exd4 Ke6 41. Ra6+ Kf5 42. Rb6 Ke4 43. Rxb5 Ra7 44. Ra5 Rd7 45. Ra8 Kd5 46. b5
Rc7 47. Rd8+ Ke6 48. d5+ Kf7 49. b6 Rb7 50. Rd6 Ke7 51. Rc6 Rb8 52. Kxc4 1-0

[Event "Cherepovets"]
[Site "Cherepovets"]
[Date "2002.??.??"]
[Round "?"]
[White "Savon, Vladimir A"]
[Black "Zhuravlev, Vladimir"]
[Result "1-0"]
[WhiteElo "2421"]
[BlackElo "2395"]
[PlyCount "67"]
[EventDate "2002.02.??"]
[EventType "tourn"]
[EventRounds "14"]
[EventCountry "RUS"]
[EventCategory "6"]
[SourceTitle "EXT 2003"]
[Source "ChessBase"]
[SourceDate "2002.11.25"]
[SourceVersion "1"]
[SourceVersionDate "2002.11.25"]
[SourceQuality "1"]

1. d4 Nf6 2. c4 g6 3. Nc3 Bg7 4. e4 d6 5. Nf3 O-O 6. Be2 e5 7. d5 a5 8. O-O Nh5
9. g3 f5 10. exf5 gxf5 11. Nxe5 Nxg3 12. fxg3 dxe5 13. Be3 Na6 14. Qd2 Qe7 15.
Rad1 Bd7 16. d6 cxd6 17. Qxd6 Qxd6 18. Rxd6 Bc6 19. Nd5 Kh8 20. Ne7 Be4 21. Bf3
Bxf3 22. Rxf3 f4 23. gxf4 exf4 24. Bd4 Bxd4+ 25. Rxd4 Rae8 26. Nd5 Re1+ 27. Kf2
Rb1 28. Rd2 Nc5 29. Re2 Rh1 30. Kg2 Rc1 31. b3 a4 32. Nxf4 Rg8+ 33. Kh3 axb3
34. axb3 1-0

[Event "UKR-chT 10th"]
[Site "Alushta"]
[Date "2002.04.17"]
[Round "8"]
[White "Savon, Vladimir A"]
[Black "Gunko, Roman"]
[Result "1-0"]
[WhiteElo "2423"]
[BlackElo "2311"]
[PlyCount "87"]
[EventDate "2002.04.09"]
[EventType "team-swiss"]
[EventRounds "9"]
[EventCountry "UKR"]
[SourceTitle "EXT 2019"]
[Source "ChessBase"]
[SourceDate "2018.10.10"]
[SourceVersion "1"]
[SourceVersionDate "2018.10.10"]
[SourceQuality "1"]
[WhiteTeam "Kramatorsk Grandmaster"]
[BlackTeam "Cherkasy Etiud"]
[WhiteTeamCountry "UKR"]
[BlackTeamCountry "UKR"]

1. d4 Nf6 2. c4 g6 3. g3 Bg7 4. Bg2 O-O 5. Nc3 d6 6. Nf3 Nbd7 7. d5 Nc5 8. Be3
Ng4 9. Bd4 e5 10. dxe6 Bxe6 11. O-O a5 12. b3 Re8 13. Qd2 Bh6 14. Qb2 a4 15.
Rad1 a3 16. Qa1 Nd7 17. Nb5 Bf8 18. Bc3 Qb8 19. h3 Nge5 20. Ng5 Nc5 21. f4 Ned7
22. e4 c6 23. Nd4 Bh6 24. Ngxe6 Nxe6 25. Kh2 Nec5 26. Qb1 Qc7 27. Qc2 Re7 28.
Rfe1 Qb6 29. Nf3 Ne6 30. Qd2 Qc7 31. h4 Rd8 32. Ng5 Ree8 33. Nxe6 Rxe6 34. Bh3
Ree8 35. Qd4 f6 36. Bxd7 Rxd7 37. c5 d5 38. exd5 Rxe1 39. Rxe1 Rf7 40. d6 Qd7
41. Qe4 Bf8 42. b4 Qg4 43. Kg2 g5 44. fxg5 1-0

[Event "Serpukhov-A"]
[Site "Serpukhov"]
[Date "2003.??.??"]
[Round "6"]
[White "Savon, Vladimir A"]
[Black "Khismatullin, Denis Rimovich"]
[Result "1-0"]
[WhiteElo "2418"]
[BlackElo "2431"]
[PlyCount "55"]
[EventDate "2003.01.??"]
[EventType "tourn"]
[EventRounds "17"]
[EventCountry "RUS"]
[EventCategory "8"]
[SourceTitle "EXT 2004"]
[Source "ChessBase"]
[SourceDate "2003.11.25"]
[SourceVersion "1"]
[SourceVersionDate "2003.11.25"]
[SourceQuality "1"]

1. d4 Nf6 2. Nf3 g6 3. c4 Bg7 4. Nc3 O-O 5. Bg5 c5 6. e3 b6 7. Be2 Bb7 8. d5 d6
9. e4 e5 10. Qd2 Qe8 11. O-O Bc8 12. Ne1 Nbd7 13. Nd3 a6 14. a4 a5 15. Rae1 Ba6
16. b3 Kh8 17. Bh6 Bxh6 18. Qxh6 Ng8 19. Qh4 Qd8 20. Qxd8 Raxd8 21. g3 Nh6 22.
f4 Kg7 23. Bf3 Rfe8 24. Bg2 Ng4 25. Bh3 Ngf6 26. Re2 Re7 27. Kg2 Rde8 28. fxe5
1-0

[Event "Serpukhov-A"]
[Site "Serpukhov"]
[Date "2003.??.??"]
[Round "11"]
[White "Ovod, Evgenija"]
[Black "Savon, Vladimir A"]
[Result "0-1"]
[WhiteElo "2375"]
[BlackElo "2418"]
[PlyCount "100"]
[EventDate "2003.01.??"]
[EventType "tourn"]
[EventRounds "17"]
[EventCountry "RUS"]
[EventCategory "8"]
[SourceTitle "EXT 2004"]
[Source "ChessBase"]
[SourceDate "2003.11.25"]
[SourceVersion "1"]
[SourceVersionDate "2003.11.25"]
[SourceQuality "1"]

1. d4 Nf6 2. c4 e6 3. Nc3 Bb4 4. f3 c5 5. d5 Bxc3+ 6. bxc3 Qa5 7. Bb2 d6 8. e4
O-O 9. Bd3 Nbd7 10. Ne2 Ne5 11. f4 Nxd3+ 12. Qxd3 Re8 13. O-O exd5 14. exd5 Qa4
15. f5 Re4 16. Rf4 Rxf4 17. Nxf4 b6 18. Re1 Ba6 19. Qf3 Bxc4 20. Nh5 Nxh5 21.
Qxh5 Re8 22. Qh4 Rxe1+ 23. Qxe1 h6 24. f6 Qc2 25. Bc1 Bxd5 26. Bd2 Qg6 27. Qf2
Bxa2 28. fxg7 Bd5 29. Bf4 a5 30. Qd2 Qe6 31. Bxh6 a4 32. Qe3 a3 33. Qxe6 Bxe6
34. Bc1 a2 35. Bb2 Kxg7 36. Kf2 Kg6 37. Ke3 Bd5 38. g3 Kf5 39. Kd3 b5 40. Ke3
Kg4 41. Kf2 Kh3 42. Kg1 Bc6 43. Ba1 d5 44. Bb2 d4 45. cxd4 c4 46. Ba1 b4 47.
Kf2 c3 48. Ke3 Kxh2 49. g4 Kg3 50. Kd3 Bd5 0-1

[Event "Serpukhov-A"]
[Site "Serpukhov"]
[Date "2003.??.??"]
[Round "12"]
[White "Savon, Vladimir A"]
[Black "Dyachkov, Sergej"]
[Result "1-0"]
[WhiteElo "2418"]
[BlackElo "2545"]
[PlyCount "41"]
[EventDate "2003.01.??"]
[EventType "tourn"]
[EventRounds "17"]
[EventCountry "RUS"]
[EventCategory "8"]
[SourceTitle "EXT 2004"]
[Source "ChessBase"]
[SourceDate "2003.11.25"]
[SourceVersion "1"]
[SourceVersionDate "2003.11.25"]
[SourceQuality "1"]

1. d4 Nf6 2. c4 g6 3. Nf3 Bg7 4. Nc3 d6 5. g3 O-O 6. Bg2 c6 7. O-O Qa5 8. e4
Be6 9. Nd2 Qb6 10. Ne2 Nfd7 11. d5 cxd5 12. exd5 Bf5 13. Nb3 Ne5 14. Nbd4 Bd7
15. b3 a5 16. h3 a4 17. Be3 axb3 18. axb3 Rxa1 19. Qxa1 Qb4 20. Qa2 b6 21. f4
1-0

[Event "Tula Timashkov Memorial"]
[Site "Tula"]
[Date "2004.04.25"]
[Round "2"]
[White "Savon, Vladimir A"]
[Black "Zaitsev, Alexander"]
[Result "1-0"]
[WhiteElo "2437"]
[BlackElo "2370"]
[PlyCount "103"]
[EventDate "2004.04.??"]
[EventType "tourn"]
[EventRounds "13"]
[EventCountry "RUS"]
[EventCategory "8"]
[SourceTitle "EXT 2005"]
[Source "ChessBase"]
[SourceDate "2004.11.15"]
[SourceVersion "1"]
[SourceVersionDate "2004.11.15"]
[SourceQuality "1"]

1. d4 Nf6 2. c4 e6 3. Nc3 Bb4 4. Qc2 d5 5. cxd5 Qxd5 6. e3 c5 7. Bd2 Bxc3 8.
Bxc3 cxd4 9. Bxd4 Nc6 10. Bc3 O-O 11. Nf3 Rd8 12. Be2 Qc5 13. Rc1 Bd7 14. O-O
Qe7 15. Rfd1 Rac8 16. Qb3 Be8 17. Rxd8 Rxd8 18. g3 Nd5 19. Be1 Nf6 20. a3 e5
21. Bb4 Qc7 22. Qc2 Nd5 23. Ng5 g6 24. Be1 Qe7 25. Ne4 h5 26. b4 a6 27. h4 Kg7
28. Qb3 f6 29. Qc2 Rc8 30. Qc5 Qxc5 31. Nxc5 Rb8 32. Bf3 Nc7 33. Nxb7 Rxb7 34.
Bxc6 Rb6 35. Bxe8 Nxe8 36. a4 Kf7 37. Kf1 Ke6 38. Ke2 g5 39. Rc5 gxh4 40. gxh4
Nd6 41. f3 Kd7 42. e4 Rb8 43. Ra5 Rb6 44. Rd5 Kc6 45. Kd3 Ne8 46. Rc5+ Kd7 47.
Kc3 Nd6 48. Bf2 Rb8 49. Rd5 Kc6 50. Bc5 Nc8 51. Rd8 a5 52. Rf8 1-0

[Event "Tula Timashkov Memorial"]
[Site "Tula"]
[Date "2004.04.27"]
[Round "5"]
[White "Arzumanian, Georgy"]
[Black "Savon, Vladimir A"]
[Result "0-1"]
[WhiteElo "2416"]
[BlackElo "2437"]
[PlyCount "100"]
[EventDate "2004.04.??"]
[EventType "tourn"]
[EventRounds "13"]
[EventCountry "RUS"]
[EventCategory "8"]
[SourceTitle "EXT 2005"]
[Source "ChessBase"]
[SourceDate "2004.11.15"]
[SourceVersion "1"]
[SourceVersionDate "2004.11.15"]
[SourceQuality "1"]

1. e4 e6 2. d4 d5 3. Nd2 Nf6 4. e5 Nfd7 5. c3 b6 6. Nh3 Ba6 7. Bxa6 Nxa6 8. Qe2
Qc8 9. O-O c5 10. a3 Nc7 11. Qg4 Qa6 12. Nf4 Qa4 13. b3 Qc6 14. Nf3 h6 15. Be3
c4 16. bxc4 dxc4 17. a4 Nd5 18. Nxd5 Qxd5 19. Nd2 g6 20. h4 h5 21. Qe2 Rc8 22.
Bg5 Bh6 23. Bxh6 Rxh6 24. Rfb1 a5 25. Ne4 Kf8 26. Nd6 Rc7 27. Rb5 Qc6 28. Qe3
Rh7 29. Qg5 Qa8 30. Re1 Kg8 31. Re3 Qf8 32. Rf3 Rc6 33. Qe3 Rxd6 34. exd6 Qxd6
35. Qe4 Kg7 36. Qa8 Qc7 37. Qa6 Rh8 38. Rb1 Rb8 39. Qb5 Nf6 40. Qg5 Nd5 41. Rb5
Rd8 42. g4 f6 43. Qd2 hxg4 44. Rg3 f5 45. h5 Rh8 46. hxg6 Kxg6 47. Qe1 Nf4 48.
Re5 Qh7 49. Rxe6+ Kg5 50. f3 Qh1+ 0-1

[Event "Tula Timashkov Memorial"]
[Site "Tula"]
[Date "2004.04.29"]
[Round "8"]
[White "Savon, Vladimir A"]
[Black "Okrugin, Sergey"]
[Result "1-0"]
[WhiteElo "2437"]
[BlackElo "2395"]
[PlyCount "89"]
[EventDate "2004.04.??"]
[EventType "tourn"]
[EventRounds "13"]
[EventCountry "RUS"]
[EventCategory "8"]
[SourceTitle "EXT 2005"]
[Source "ChessBase"]
[SourceDate "2004.11.15"]
[SourceVersion "1"]
[SourceVersionDate "2004.11.15"]
[SourceQuality "1"]

1. d4 Nf6 2. c4 e6 3. Nf3 b6 4. g3 Bb4+ 5. Bd2 Be7 6. Bg2 Bb7 7. Nc3 c6 8. e4
d5 9. exd5 cxd5 10. Ne5 O-O 11. O-O Ne4 12. Nxe4 dxe4 13. Bc3 f6 14. Ng4 Nd7
15. f3 f5 16. Nf2 Qc7 17. fxe4 Qxc4 18. Re1 Rae8 19. Rc1 fxe4 20. Nxe4 Bd5 21.
a3 Qb5 22. Qd2 Bxe4 23. Bxe4 Bg5 24. Qc2 Bxc1 25. Bxh7+ Kh8 26. Rxc1 Qg5 27.
Re1 e5 28. Bg6 Re6 29. Bd3 e4 30. Bc4 Rc6 31. Qe2 Nf6 32. Rf1 Rcc8 33. Rf4 Ng8
34. Rxe4 Nh6 35. Kg2 Nf5 36. Be6 Nh6 37. Bd2 Qf6 38. Bxc8 Rxc8 39. Bxh6 gxh6
40. Re8+ Rxe8 41. Qxe8+ Kh7 42. Qe4+ Kg8 43. Qa8+ Kg7 44. Qxa7+ Kg6 45. Qd7 1-0